000 01214cam a22003375a 4500
001 14921034
003 OSt
005 20230620092707.0
008 070710s2006 tz a d f000 0 eng
010 _a 2007382479
020 _a9976911297 (pbk.)
040 _aDLC
_cDLC
_dDLC
041 0 _aeng
_aswa
042 _alcode
050 0 0 _aPL8703
_b.T85 2006
082 0 0 _a413
_222
_bTUK
245 0 0 _aTUKI English-Swahili dictionary
_bKamusi ya Kiingereza-Kiswahili.
246 3 1 _aKamusi ya Kiingereza-Kiswahili
246 1 4 _aEnglish-Swahili dictionary
250 _a3rd ed.
260 _aDar es Salaam :
_bInstitute of Kiswahili Research, University of Dar es Salaam,
_c2006.
300 _axx, 1030 p. :
_bill. ;
_c20 cm.
500 _a"Lexicographers ... J.S. Mdee ... editors ... D.P.B. Massamba, team leader"--Foreword.
650 0 _aEnglish language
_vDictionaries
_xSwahili.
700 1 _aMdee, J. S.
700 1 _aMassamba, David Phineas Bhukanda,
_d1945-
710 2 _aChuo Kikuu cha Dar es Salaam.
_bTaasisi ya Uchunguzi wa Kiswahili.
906 _a7
_bcbc
_corigcop
_d2
_encip
_f20
_gy-gencatlg
942 _2ddc
_cBK
999 _c1507
_d1507